De la Edad del Hielo a la civilización : (Record no. 4866)
[ view plain ]
| 000 -CABECERA | |
|---|---|
| campo de control de longitud fija | 00690nam a2200181 a 4500 |
| 001 - NÚMERO DE CONTROL | |
| campo de control | 000005062 |
| 005 - FECHA Y HORA DE LA ÚLTIMA TRANSACCIÓN | |
| campo de control | 20200929151553.0 |
| 008 - DATOS DE LONGITUD FIJA--INFORMACIÓN GENERAL | |
| campo de control de longitud fija | 090729s2004 sp a 000 0 spa d |
| 020 ## - NÚMERO INTERNACIONAL ESTÁNDAR DEL LIBRO | |
| Número Internacional Estándar del Libro | 8449428246 |
| 040 ## - FUENTE DE LA CATALOGACIÓN | |
| Centro catalogador/agencia de origen | DO-SdBNP |
| Lengua de catalogación | spa |
| Centro/agencia transcriptor | BNPHU |
| 082 ## - NÚMERO DE LA CLASIFICACIÓN DECIMAL DEWEY | |
| Número de clasificación | xxx |
| 245 00 - MENCIÓN DE TÍTULO | |
| Título | De la Edad del Hielo a la civilización : |
| Resto del título | el origen de la humanidad / |
| Mención de responsabilidad, etc. | Dirección David Solar, Javier Villalba. |
| 260 ## - PUBLICACIÓN, DISTRIBUCIÓN, ETC. | |
| Lugar de publicación, distribución, etc. | Barcelona, España : |
| Nombre del editor, distribuidor, etc. | Oceano, |
| Fecha de publicación, distribución, etc. | 2004. |
| 300 ## - DESCRIPCIÓN FÍSICA | |
| Extensión | 396 p. : |
| Otras características físicas | il. ; |
| Dimensiones | 30 cm. |
| 505 2# - NOTA DE CONTENIDO CON FORMATO | |
| Información miscelánea | Cazadores de la edad del hielo -- |
| -- | De cazadores a campesinos -- |
| -- | La Edad de Bronce -- |
| -- | Los grandes imperios de Mesopotamia |
| 700 1# - PUNTO DE ACCESO ADICIONAL--NOMBRE DE PERSONA | |
| Nombre de persona | Solar, David, |
| Término indicativo de función/relación | ed. |
| 9 (RLIN) | 14549 |
| 700 1# - PUNTO DE ACCESO ADICIONAL--NOMBRE DE PERSONA | |
| Nombre de persona | Villalba, Javier, |
| Término indicativo de función/relación | ed. |
| 9 (RLIN) | 14550 |
| Estado de retiro | Estado de pérdida | Restricciones de uso | No para préstamo | Código de colección | Localización permanente | Ubicación/localización actual | Ubicación en estantería | Fecha de adquisición | Número de inventario | Total de préstamos | Signatura topográfica completa | Código de barras | Fecha visto por última vez | Precio válido a partir de | Tipo de ítem Koha |
|---|---|---|---|---|---|---|---|---|---|---|---|---|---|---|---|
| Excluido de préstamo | Monografías: Libros y Folletos | General | General | En catalogación | 29.07.2009 | LF1 | xxx | 5062-10 | 25.06.2020 | 25.06.2020 | No se presta |
